000
00329nam a2200133Ia 4500
005
20251222141853.0
008
251222s9999||||xx |||||||||||||| ||spa||
020
_a
84-8280-100-7
082
_a
869.634.4/G23C/1978
100
_a
García Márquez, Gabriel
245
0
_a
Cien años de Soledad
264
_b
Oveja Negra
942
_c
LIB
999
_c
7803
_d
7803